000 00489nam a2200181Ia 4500
003 GCL
008 140319s9999 xx 000 0 eng d
040 _aGCL /
_cGCL
082 0 4 _a183.2
_bV S
100 1 _aVLASTOS, GREGORY
245 1 0 _aSOCRATES: IRONIST AND MORAL PHILOSOPHER /
_cVLASTOS, GREGORY
260 _a[S.N] :
_bCAMBRIDGE UNIVERSITY PRESS ،
_c1991
300 _a334 P
650 0 4 _aANCIENT PERIOD
650 0 4 _aGREEK - PHILOSOPHY
650 0 4 _aSOCRATES
942 _2ddc
_cBK
999 _c10293
_d10293